Το παιδικό σχέδιο
Αποθηκεύτηκε σε:
| Κύριος συγγραφέας: | |
|---|---|
| Μορφή: | Βιβλίο |
| Γλώσσα: | Greek |
| Δημοσίευση: |
Αθήνα :
Υποδομή,
1981
|
| Θέματα: | |
| Ετικέτες: |
Προσθήκη ετικέτας
Δεν υπάρχουν, Καταχωρήστε ετικέτα πρώτοι!
|
MARC
| LEADER | 00000nam a2200000 i 4500 | ||
|---|---|---|---|
| 001 | 1/75144 | ||
| 008 | 960729s1981 gre d | ||
| 035 | |l 10032044 | ||
| 040 | |a GR-MY-UA |b gre |e aacr | ||
| 041 | 0 | |a gre | |
| 082 | 0 | |a 741.088054 | |
| 100 | 1 | |a Meredieu, Florence de. | |
| 245 | 1 | 3 | |a Το παιδικό σχέδιο / |c Florence de Meredieu |
| 260 | |a Αθήνα : |b Υποδομή, |c 1981 | ||
| 300 | |a 162 σ. | ||
| 650 | 0 | 0 | |a Children's art. |
| 650 | 0 | 0 | |a Drawing, Psychology of. |
| 650 | 0 | 0 | |a Child psychology. |
| 852 | |a INST |b RHODES |e 19960729 |h 741.088054 MER |p 005400006007 |q 005400006007 |t BK |y 0 | ||
| 909 | |a Ρ |b 003500 | ||